[Event "Open Tabor 2019"]
[Site "?"]
[Date "2019.07.30"]
[Round "3.15"]
[White "Eretova, Jana"]
[Black "Habada, Jindrich"]
[Result "1-0"]
[WhiteElo "1981"]
[BlackElo "1727"]
[PlyCount "93"]
[SourceDate "2019.07.29"]

1. e4 c5 2. Nf3 Nc6 3. d3 Nf6 4. g3 d6 5. Bg2 g6 6. O-O Bg7 7. Nbd2 O-O 8. Re1
Rb8 9. a4 a6 10. c3 Ng4 11. h3 Nge5 12. Nxe5 Nxe5 13. Nf1 Nc6 14. Be3 e5 15. h4
h6 16. Bd2 Kh7 17. h5 g5 18. Ne3 Ne7 19. Bf3 Be6 20. Bg4 Qd7 21. Qf3 Bxg4 22.
Qxg4 Qxg4 23. Nxg4 f5 24. Ne3 f4 25. Nc4 Rbd8 26. Rad1 Ng8 27. g4 Ne7 28. Bc1
Nc6 29. Nb6 Ne7 30. b3 d5 31. Ba3 Rf7 32. Bxc5 d4 33. cxd4 exd4 34. Bxe7 Rxe7
35. Rc1 f3 36. Rc5 Be5 37. Nc4 Bf4 38. e5 Kg7 39. Re4 Rdd7 40. e6 Rd8 41. Kf1
Rde8 42. Rd5 Kf6 43. Rdxd4 b5 44. Nb6 Rxe6 45. Nd5+ Kf7 46. Rxe6 Rxe6 47. Nxf4
1-0

[Event "Open Tabor 2019"]
[Site "?"]
[Date "2019.07.30"]
[Round "3.16"]
[White "Vavrousek, Petr"]
[Black "Musil, Vitezslav"]
[Result "0-1"]
[WhiteElo "1686"]
[BlackElo "1978"]
[PlyCount "40"]
[SourceDate "2019.07.29"]

1. e4 e6 2. d4 d5 3. Nc3 Bb4 4. Bd3 c5 5. Bb5+ Bd7 6. Bxd7+ Nxd7 7. Nge2 dxe4
8. O-O Ngf6 9. a3 Bxc3 10. bxc3 O-O 11. Bf4 Qb6 12. Rb1 Qa6 13. Ng3 Nd5 14. Bd2
f5 15. Re1 cxd4 16. cxd4 N7f6 17. f3 e3 18. Bc1 Nc3 19. Qd3 Qxd3 20. cxd3 Nxb1
0-1

[Event "Open Tabor 2019"]
[Site "?"]
[Date "2019.07.30"]
[Round "3.17"]
[White "Cipera, Josef"]
[Black "Kovar, Petr"]
[Result "0-1"]
[WhiteElo "1649"]
[BlackElo "1937"]
[PlyCount "109"]
[SourceDate "2019.07.29"]

1. d4 c5 2. d5 d6 3. e4 Nf6 4. Nc3 g6 5. Bd3 Bg7 6. Nge2 O-O 7. O-O a6 8. a4 b6
9. Bg5 Qc7 10. Bc4 Nbd7 11. f4 b5 12. axb5 Nb6 13. Qd3 Nxc4 14. Qxc4 Nd7 15.
bxa6 Nb6 16. Qb3 Bxa6 17. Nb5 Qd7 18. Ra5 Rfb8 19. Rfa1 Bxb5 20. Nc3 Bd4+ 21.
Kh1 Rxa5 22. Rxa5 Bc4 23. Qa3 Kg7 24. h3 Rb7 25. Na4 Nc8 26. b3 Bb5 27. Nb2 Bc3
28. Ra8 f6 29. Bh4 Ra7 30. Rxa7 Qxa7 31. Qxa7 Nxa7 32. Nd1 Bd2 33. c4 Bd7 34.
Bg3 h5 35. Kg1 h4 36. Bxh4 Bxf4 37. g4 Nc8 38. Kg2 Be8 39. Be1 Nb6 40. Nf2 Be3
41. Nd3 g5 42. Kf3 Bd4 43. Ba5 Nd7 44. Bd8 Kf8 45. Ba5 Bg6 46. Bc7 Bc3 47. Ke3
Ke8 48. Kf3 Ne5+ 49. Nxe5 fxe5 50. Ke3 Kd7 51. Bb6 Bf7 52. Kd3 Bb4 53. Ke3 e6
54. dxe6+ Bxe6 55. Kd3 0-1

[Event "Open Tabor 2019"]
[Site "?"]
[Date "2019.07.30"]
[Round "3.18"]
[White "Gruber, Milos"]
[Black "Chval, Zdenek"]
[Result "1/2-1/2"]
[WhiteElo "1937"]
[BlackElo "1700"]
[PlyCount "110"]
[SourceDate "2019.07.29"]

1. e4 c5 2. f4 d6 3. Nf3 Nc6 4. Bc4 e6 5. c3 Nge7 6. d4 g6 7. d5 exd5 8. exd5
Nb8 9. O-O Bg7 10. Nbd2 O-O 11. Ne4 a6 12. a4 Qc7 13. Be3 Nd7 14. Ba2 b5 15.
Qd2 Bb7 16. Rad1 c4 17. Ng3 Nxd5 18. Bd4 Bxd4+ 19. Nxd4 Qb6 20. Bb1 Rfe8 21.
Rde1 Nc5 22. Kh1 Nxa4 23. f5 Nc5 24. fxg6 fxg6 25. Qh6 Rxe1 26. Rxe1 Qc7 27.
Qg5 Rf8 28. Ndf5 Qd7 29. Ne7+ Nxe7 30. Rxe7 Qc6 31. Re2 Nd3 32. Qe3 Nf4 33. Rf2
Nxg2 34. Rxf8+ Kxf8 35. Qh6+ Kg8 36. Be4 Qc8 37. Bxg2 Bxg2+ 38. Kxg2 Qb7+ 39.
Kf2 Qf7+ 40. Ke2 Qe6+ 41. Qe3 Qd7 42. Ne4 Qg4+ 43. Qf3 Qe6 44. Kd2 Qe5 45. Nf6+
Kg7 46. Ng4 Qg5+ 47. Ke2 h5 48. Qb7+ Kg8 49. Qc8+ Kg7 50. Qd7+ Kg8 51. Qe8+ Kg7
52. Ne3 Qf4 53. h4 Qh2+ 54. Kf3 Qh3+ 55. Ke2 Qh2+ 1/2-1/2

[Event "Open Tabor 2019"]
[Site "?"]
[Date "2019.07.30"]
[Round "3.19"]
[White "Rybin, Jan"]
[Black "Prochazka, Pavel"]
[Result "1/2-1/2"]
[WhiteElo "1900"]
[BlackElo "1681"]
[PlyCount "61"]
[SourceDate "2019.07.29"]

1. d4 d5 2. Nf3 Nf6 3. e3 e6 4. Bd3 c5 5. c3 Nc6 6. Nbd2 Bd6 7. O-O O-O 8. Qe2
Re8 9. dxc5 Bxc5 10. e4 e5 11. exd5 Nxd5 12. Nb3 Bb6 13. Rd1 Be6 14. c4 Nf6 15.
Bxh7+ Nxh7 16. Rxd8 Raxd8 17. Bd2 Bg4 18. h3 Bh5 19. g4 Nd4 20. Nfxd4 exd4 21.
Qf3 Bg6 22. Re1 Nf8 23. c5 Rxe1+ 24. Bxe1 Re8 25. Bb4 Be4 26. Qg3 Bd8 27. Nxd4
Bf6 28. Bc3 Bd5 29. a3 Bxd4 30. Qd3 Bxc3 31. Qxc3 1/2-1/2

[Event "Open Tabor 2019"]
[Site "?"]
[Date "2019.07.30"]
[Round "3.20"]
[White "Mihal, Sergej"]
[Black "Herynek, Petr"]
[Result "1-0"]
[WhiteElo "1890"]
[BlackElo "1612"]
[PlyCount "64"]
[SourceDate "2019.07.29"]

1. e4 e5 2. Nf3 Nc6 3. Bc4 Bc5 4. c3 Nf6 5. d4 exd4 6. cxd4 Bb4+ 7. Nc3 d5 8.
exd5 Nxd5 9. O-O Bxc3 10. bxc3 O-O 11. Qd3 h6 12. Bb3 Qd6 13. Re1 Nde7 14. a4
Bf5 15. Qd2 Rfe8 16. Ba3 Qf6 17. Re3 Ng6 18. Rae1 Rxe3 19. Rxe3 Rd8 20. Qe1 Kh7
21. Ba2 Rd7 22. d5 Na5 23. Nd4 Nf4 24. Nxf5 Nxd5 25. Rf3 Nxc3 26. Ne3 Qe5 27.
Bb1+ Nxb1 28. Qxb1+ Kg8 29. Bb2 Qd6 30. h3 Qb6 31. Qe4 Rd8 32. Qe7 Rf8 1-0

[Event "Open Tabor 2019"]
[Site "?"]
[Date "2019.07.30"]
[Round "3.21"]
[White "Christen, Pierre"]
[Black "Svec, Vitezslav"]
[Result "1-0"]
[WhiteElo "1862"]
[BlackElo "1609"]
[PlyCount "53"]
[SourceDate "2019.07.29"]

1. c4 e6 2. g3 d5 3. Bg2 Nf6 4. Nf3 c5 5. O-O Nc6 6. e3 Be7 7. cxd5 exd5 8. d4
c4 9. Ne5 O-O 10. b3 cxb3 11. Nxc6 bxc6 12. axb3 a5 13. Qc2 Ba6 14. Rd1 Rc8 15.
Ba3 Bxa3 16. Rxa3 Bb5 17. Nc3 Qb6 18. Rda1 Ra8 19. b4 a4 20. Nxa4 Rxa4 21. Rxa4
Bxa4 22. Qxa4 Rb8 23. Qa5 Kf8 24. Qc5+ Ke8 25. Ra8 Qxc5 26. Rxb8+ Ke7 27. bxc5
1-0

[Event "Open Tabor 2019"]
[Site "?"]
[Date "2019.07.30"]
[Round "3.22"]
[White "Privoznik, Lubos"]
[Black "Zidu, Jan"]
[Result "0-1"]
[WhiteElo "1566"]
[BlackElo "1852"]
[PlyCount "41"]
[SourceDate "2019.07.29"]

1. e4 c5 2. Nc3 e6 3. Nge2 d5 4. exd5 exd5 5. d4 Nf6 6. Bg5 Be6 7. Nf4 cxd4 8.
Nxe6 fxe6 9. Qxd4 Nc6 10. Qe3 Qd7 11. O-O-O O-O-O 12. Bc4 Re8 13. Bxf6 gxf6 14.
Rhe1 Bb4 15. a3 Ba5 16. Bb5 Bb6 17. Qd3 Qg7 18. Qh3 Qg5+ 19. Kb1 f5 20. Bd3 Kb8
21. Qe3 0-1

[Event "Open Tabor 2019"]
[Site "?"]
[Date "2019.07.30"]
[Round "3.23"]
[White "Otradovec, Lubos"]
[Black "Petr, Josef"]
[Result "1-0"]
[WhiteElo "1843"]
[BlackElo "1586"]
[PlyCount "83"]
[SourceDate "2019.07.29"]

1. e4 e5 2. d4 exd4 3. c3 dxc3 4. Bc4 d6 5. Nf3 Be7 6. Qb3 Be6 7. Bxe6 fxe6 8.
Qxe6 Qd7 9. Qb3 Qc6 10. Nxc3 Nf6 11. O-O Nbd7 12. Nd4 Qb6 13. Qxb6 cxb6 14. Bf4
Ne5 15. Rad1 a6 16. Nf5 Kf7 17. Nxd6+ Bxd6 18. Rxd6 Nc4 19. Rd4 Rac8 20. Bc1
Rhd8 21. Rfd1 Rxd4 22. Rxd4 b5 23. f3 Rc7 24. Kf2 Rd7 25. Rxd7+ Nxd7 26. Ke2
Nc5 27. b3 Ne5 28. Be3 Ne6 29. Nd5 Nc6 30. f4 g6 31. h3 b4 32. Kd3 b5 33. g4
Ned8 34. Nc7 Nb8 35. Kd4 Ne6+ 36. Nxe6 Kxe6 37. Kc5 Kd7 38. Kxb4 Kc6 39. f5 Nd7
40. Bd4 Nf8 41. a4 bxa4 42. bxa4 1-0